000
00213 a2200097 4500
001
49392
100
_a
Butler, Joan
245
_a
Loving Cup
260
_a
London
_b
Stanley Paul & Co. Ltd
_c
090
_c
31930
_d
31930
942
_a
NUST-CAE
_c
M
_c
24370
999
_c
284465
_d
284465